| 000 | 00702nam a2200265Ia 4500 | ||
|---|---|---|---|
| 001 | Para_1583 | ||
| 003 | CHAP | ||
| 008 | 220125s1987 xx 000 0 und d | ||
| 010 | _a204462 | ||
| 040 | _cCHAP | ||
| 082 | _aPA 632.3 D55y | ||
| 100 |
_aDickinson, C.H. _932471 |
||
| 245 |
_aPatología vegetal y patógenos de plantas / _c por C.H. Dickinson y J.A. Lucas |
||
| 260 |
_aMéxico, D.F. : _b Limusa |
||
| 300 | _a312 p. | ||
| 650 |
_aFitopatología _941161 |
||
| 700 |
_aLucas, J.A. _9170422 |
||
| 901 | _aPA 632.3 D55Y | ||
| 902 | _aA | ||
| 905 | _a0000001987 ai 0000000000 00 | ||
| 910 | _a1987 | ||
| 942 | _cPARA | ||
| 942 |
_cPARA _d1 |
||
| 999 |
_c204462 _d204462 |
||